| 000 | 00413nam a22001697a 4500 | ||
|---|---|---|---|
| 003 | MACL | ||
| 005 | 20160115115100.0 | ||
| 008 | 160115b xxu||||| |||| 00| 0 eng d | ||
| 040 | _cMACL | ||
| 041 | _aEnglish | ||
| 082 | _a620 | ||
| 100 |
_aGupta Anuradha _932487 |
||
| 245 | _aMP PET 2014 Success Package | ||
| 260 |
_aMeerut _bArinaht Publications _c2014 |
||
| 650 |
_aEngineering _932488 |
||
| 942 |
_2ddc _cBK |
||
| 999 |
_c52373 _d52373 |
||